Marketing

Αποθηκεύτηκε σε:
Λεπτομέρειες βιβλιογραφικής εγγραφής
Άλλοι συγγραφείς: Littler, Dale (Επιμελητής έκδοσης)
Μορφή: Βιβλίο
Γλώσσα:English
Δημοσίευση: Malden, MA : Blackwell Pub., c2005
Έκδοση:2nd ed.
Σειρά:Blackwell encyclopedia of management ; ; 9
Θέματα:
Ετικέτες: Προσθήκη ετικέτας
Δεν υπάρχουν, Καταχωρήστε ετικέτα πρώτοι!

MARC

LEADER 00000nam a2200000 i 4500
001 1/85283
008 080516s2005 eng d
020 |a 1-4051-0254-3 
035 |l 10097380 
040 |a GR-MY-UA  |b gre  |e aacr 
041 0 |a eng 
082 0 |a 658.8003  |2 (22) 
245 1 0 |a Marketing /  |c edited by Dale Littler 
250 |a 2nd ed. 
260 |a Malden, MA :   |b Blackwell Pub.,   |c c2005 
300 |a ix, 404 σ.;  |b εικ.;  |c 26 εκ. 
490 1 |a Blackwell encyclopedia of management  |v ; 9 
504 |a Περιλαμβάνει βιβλιογραφικές παραπομπές και ευρετήριο 
650 0 0 |a Marketing  |x Dictionaries. 
700 1 |a Littler, Dale.  |4 edt 
830 0 |a Blackwell encyclopedia of management ;  |v ; 9 
852 |a INST  |b CHIOS  |e 20080516  |h 658.8003 MAR  |p 005200027286  |q 005200027286  |t REF  |y 23 
901 |a BIBL2-2008-2 
909 |a Χ  |b 152532 
922 |a 2ΕΛΗ  |b 200803  |c ΕΠΕΑΕΚ2/ΒΙΒΛΙΟΘΗΚΗ  |d ΠΑΠΑΣΩΤΗΡΙΟΥ 
970 |a ΒΑΡΦΗΣ  |b ΒΑΓΓΕΛΗΣ  |z 2008/05/16